000 02031cas a2200553 a 4500
999 _c532937
_d532937
001 16321709
003 NUST
005 20191208170738.0
008 000114c20009999pk qr p 0 0eng
010 _a 00243303
016 7 _a100913117
_2DNLM
016 7 _a007187728
_2Uk
022 _a1682-024X
_l1681-715X
_y1017-4699
030 _aPJMSC6
035 _a(OCoLC)ocm44420429
038 _aATTAULLAH
040 _aNLM
_beng
_cNLM
_dCAS
_dOCLCQ
_dCDS
_dCUS
_dDLC
_dOCLCQ
_dNLM
_dOCLCO
_dNLM
_dOCLCF
_dOCLCO
_dOCLCQ
_dOCLCO
_dRDF
_dOCLCO
_dOCLCQ
_dOCLCA
_dUKMGB
042 _apcc
043 _aa-pk---
050 0 0 _aR97
_b.P35
060 0 0 _aW1
_bSP304
082 _aVol-35, No-3 May-Jun 2019
210 1 0 _aPak J Med Sci
_2dnlm
245 0 0 _aPakistan journal of medical sciences.
246 1 3 _aPakistan journal of medical sciences quarterly
260 _aKarachi, Pakistan :
_bProfessional Medical Publications,
_c[2000]-
300 _avolumes
310 _aBimonthly,
_b2013-
321 _aQuarterly,
_b2000-2012
336 _atext
_btxt
_2rdacontent
337 _aunmediated
_bn
_2rdamedia
338 _avolume
_bnc
_2rdacarrier
362 0 _aVol. 16, no. 2 (Jan./Mar. 2000)-
500 _aTitle from cover.
588 _aLatest issue consulted: Vol. 26, no. 2 (Jan./Mar. 2010).
590 _aAcquired via LC overseas office. Islamabad Field Office. Most recent issues may not yet be available in LC Washington.
650 0 _aClinical medicine
_zPakistan
_vPeriodicals.
_926563
650 0 _aClinical medicine
_vPeriodicals.
_926564
650 1 2 _aClinical Medicine.
_926565
650 7 _aClinical medicine.
_2fast
_0(OCoLC)fst00864361
_926566
651 7 _aPakistan.
_2fast
_0(OCoLC)fst01210275
_926567
655 2 _aPeriodicals.
_926568
655 4 _aElectronic journals.
_913048
655 7 _aPeriodicals.
_2fast
_0(OCoLC)fst01411641
_926568
780 0 0 _tSpecialist
_x1017-4699
_w(DLC)sn 86031040
_w(OCoLC)12960740
906 _a7
_bcbc
_cserials
_d3
_encip
_f20
_gn-oclcserc
942 _2ddc
_cCR